[Event "Match"]
[Site "www.echecsemail.com"]
[Date "2015.04.08"]
[Round "1"]
[White "F14"]
[Black "Forest"]
[WhiteElo "1850"]
[BlackElo "1570"]
[Result "0-1"]
[Round "1"]
1.d4 d5
2.Ng1f3 c6
3.c4 Ng8f6
4.Nb1c3 dxc4
5.e4 b5
6.d5 b4
7.Nc3a4 cxd5
8.exd5 Qd8xd5
9.Qd1xd5 Nf6xd5
10.Bf1xc4 e6
11.O-O Bc8b7
12.Bc4xd5 Bb7xd5
13.Nf3d4 Nb8d7
14.Bc1e3 Bf8d6
15.b3 O-O
16.Na4b2 Rf8c8
17.Ra1c1 Nd7e5
18.Rc1xc8 Ra8xc8
19.Nd4b5 Bd6b8
20.Nb5xa7 Bb8xa7
21.Be3xa7 Rc8c2
22.Ba7d4 Ne5c6
23.Bd4xg7 Kxg7
24.Rf1b1 Bd5e4
25.f3 Rc2xg2
26.Kxg2 Be4xb1
27.Nb2c4 Bb1xa2
28.Nc4d2 Nc6d4
{ resign }
0-1

[Event "Match"]
[Site "www.echecsemail.com"]
[Date "2015.04.08"]
[Round "1"]
[White "Rindrandria"]
[Black "Ranjachess"]
[WhiteElo "1600"]
[BlackElo "1670"]
[Result "0-1"]
[Round "1"]
1.e4 e5
2.Bf1c4 Ng8f6
3.Qd1f3 d6
4.Qf3b3 Qd8d7
5.Ng1f3 Nf6xe4
6.d4 Nb8c6
7.Bc4d5 Qd7f5
8.Qb3b5 Kd8
9.Qb5d3 Nc6xd4
10.Bd5xe4 Nd4xf3
11.gxf3 Qf5h3
12.Nb1c3 f5
13.Be4d5 c6
14.Bd5f7 d5
15.Nc3xd5 cxd5
16.Qd3xd5 Kc7
17.Qd5xe5 Bf8d6
18.Qe5c3 Kb8
19.Bc1e3 Qh3xf3
20.Rh1f1 b6
21.Qc3xg7 Rh8d8
22.Ra1d1 Bd6b4
23.Be3d2 Qf3e4

0-1

[Event "Match"]
[Site "www.echecsemail.com"]
[Date "2015.04.08"]
[Round "1"]
[White "Ztornad"]
[Black "Paco"]
[WhiteElo "1670"]
[BlackElo "1880"]
[Result "0-1"]
[Round "1"]
1.e4 e5
2.Nb1c3 Bf8c5
3.Ng1f3 Nb8c6
4.Nc3d5 Ng8f6
5.Nd5xf6 Qd8xf6
6.d4 exd4
7.Bc1g5 Qf6g6
8.Bf1d3 f6
9.e5 f5
10.Qd1d2 Bc5b4
11.c3 dxc3
12.bxc3 Bb4a5
13.O-O h6
14.Nf3h4 Qg6h5
15.Qd2f4 Ba5xc3
16.Ra1c1 Qh5xg5
17.Qf4xg5 hxg5
18.Nh4xf5 Bc3xe5
19.g3 d6
20.Nf5e3 Nc6b4
21.Bd3g6 Kf8
22.Rc1xc7 Nb4xa2
23.Bg6b1 Na2c3
24.Bb1d3 d5
25.Rc7c5 Bc8e6
26.Rf1e1 Be5f6
27.Ne3c2 Be6h3
28.Rc5c7 b6
29.Bd3b5 Nc3xb5
30.Rc7c6 Kf7
31.Re1e3 d4
32.Re3b3 Ra8d8
33.Rb3xb5 d3
34.Nc2e3 d2
35.Ne3d1 Rh8e8
36.Rc6c7 Kf8
37.f4 Bf6d4
38.Nd1e3 d1Q
39.Kf2 Qd1d2
 { time }
0-1

[Event "Match"]
[Site "www.echecsemail.com"]
[Date "2015.04.08"]
[Round "1"]
[White "Libiesse"]
[Black "F14"]
[WhiteElo "1970"]
[BlackElo "1820"]
[Result "1-0"]
[Round "1"]
1.d4 Ng8f6
2.c4 g6
3.Nb1c3 d5
4.Bc1g5 e6
5.Qd1b3 dxc4
6.Qb3xc4 Bf8g7
7.Ra1d1 c6
8.Ng1f3 Nb8d7
9.e4 Qd8a5
10.b4 Qa5c7
11.Nc3b5 Qc7b6
12.Nb5d6 Kf8
13.Bf1d3 h6
14.Bg5e3 Nf6e8
15.Nd6xe8 Kxe8
16.O-O Qb6c7
17.b5 Nd7b6
18.Qc4c2 Bc8d7
19.bxc6 Qc7xc6
20.Qc2xc6 Bd7xc6
21.Rd1c1 O-O
22.Rc1c2 Rf8d8
23.Rf1c1 Ra8c8
24.Kf1 Bc6d7
25.Ke2 Rc8xc2
26.Rc1xc2 Bd7a4
27.Rc2c7 Ba4c6
28.Nf3e5 Bg7xe5
29.dxe5 Rd8d7
30.Rc7xd7 Bc6xd7
31.Be3xb6 axb6
32.Kd2 g5
33.Ke3 Kf8
34.f4 gxf4
35.Kxf4 Kg7
36.g3 Bd7c6
37.a3 Kg6
38.h3 f6
39.g4 fxe5
40.Kxe5 Kf7
41.h4 Bc6d7
42.Bd3c4 Ke7
43.g5 hxg5
44.hxg5 Bd7e8
45.Bc4xe6 b5
46.Be6d5 b6
47.Kf5 Kf8
48.Kf6 b4
49.axb4 { resign }
1-0

[Event "Match"]
[Site "www.echecsemail.com"]
[Date "2015.04.08"]
[Round "1"]
[White "Juodivarnai"]
[Black "Joseph1983"]
[WhiteElo "2190"]
[BlackElo "2130"]
[Result "0-1"]
[Round "1"]
1.e4 c5
2.Ng1f3 Nb8c6
3.Bf1b5 g6
4.O-O Bf8g7
5.Rf1e1 Ng8f6
6.e5 Nf6d5
7.Nb1c3 Nd5xc3
8.dxc3 O-O
9.Bc1g5 Qd8c7
10.Qd1d5 a6
11.Bb5xc6 dxc6
12.Qd5xc5 Bc8g4
13.Bg5xe7 Bg4xf3
14.Be7xf8 Bg7xf8
15.Qc5e3 Bf3g4
16.h3 Bg4f5
17.Qe3e2 Ra8e8
18.Ra1d1 f6
19.Qe2c4 Bf5e6
20.Qc4e2 Be6d5
21.f4 fxe5
22.fxe5 Bf8g7
23.c4 Re8xe5
24.Qe2d3 Re5xe1
25.Rd1xe1 Bd5f7
26.c3 Qc7b6
27.Kh1 Qb6xb2
28.Re1b1 Qb2xc3
29.Qd3d8 Bg7f8
30.Rb1xb7 Qc3xc4
{ resign }
0-1

[Event "Match"]
[Site "www.echecsemail.com"]
[Date "2015.04.08"]
[Round "1"]
[White "Georgepapi"]
[Black "Castletyme"]
[WhiteElo "1860"]
[BlackElo "1820"]
[Result "1-0"]
[Round "1"]
1.e4 e6
2.d4 d5
3.Nb1c3 Nb8c6
4.Ng1f3 Bf8b4
5.exd5 Bb4xc3
6.bxc3 exd5
7.Bf1b5 Ng8f6
8.Nf3e5 Bc8d7
9.Ne5xc6 Bd7xc6
10.Bb5xc6 bxc6
11.O-O O-O
12.Bc1g5 Kh8
13.Qd1f3 Qd8d6
14.Bg5xf6 Qd6xf6
15.Qf3xf6 gxf6
16.Rf1e1 Rf8e8
17.h3 Re8e6
18.Ra1b1 Re6xe1
19.Rb1xe1 Kg7
20.Re1e7 Ra8c8
21.Kf1 Kf8
22.Re7e1 Rc8e8
23.Re1xe8 Kxe8
24.Ke2 Ke7
25.Ke3 Kd6
26.Kf4 c5
27.Kf5 cxd4
28.cxd4 c5
29.c3 cxd4
30.cxd4 a5
31.Kxf6 { resign }
1-0

[Event "Match"]
[Site "www.echecsemail.com"]
[Date "2015.04.08"]
[Round "1"]
[White "Robinjut"]
[Black "Theboss"]
[WhiteElo "1440"]
[BlackElo "1599"]
[Result "1-0"]
[Round "1"]
1.e4 e5
2.Ng1f3 Nb8c6
3.Bf1b5 a6
4.Bb5xc6 bxc6
5.Nf3xe5 Qd8f6
6.Ne5g4 Qf6e6
7.O-O d5
8.e5 d4
9.Qd1e2 c5
10.h3 c4
11.d3 Qe6c6
12.dxc4 Bf8c5
13.Nb1d2 Ng8e7
14.Qe2e4 Bc8f5
15.Qe4f4 Bf5xg4
16.Qf4xg4 O-O
17.Nd2e4 h6
18.e6 fxe6
19.Ne4xc5 Qc6xc5
20.Qg4xe6 Kh8
21.Bc1xh6 Ne7f5
22.Bh6g5 Ra8e8
23.Qe6xa6 Nf5d6
24.b3 Qc5xg5
25.Ra1d1 Nd6f5
26.g4 c5
27.Rd1d3 Rf8f6
28.Qa6b7 Qg5f4
29.gxf5 Qf4xf5
30.Rd3g3 Rf6g6
31.a4 Qf5xc2
32.Qb7f7 Rg6xg3
{ time. }
1-0

[Event "Match"]
[Site "www.echecsemail.com"]
[Date "2015.04.08"]
[Round "1"]
[White "Reanna"]
[Black "Pinehill"]
[WhiteElo "1650"]
[BlackElo "1790"]
[Result "1-0"]
[Round "1"]
1.c4 Ng8f6
2.Ng1f3 g6
3.Nb1c3 Bf8g7
4.e4 O-O
5.Bf1e2 e6
6.O-O d5
7.cxd5 exd5
8.exd5 Nf6xd5
9.Qd1b3 c6
10.Rf1d1 Qd8e7
11.Nc3xd5 cxd5
12.Rd1e1 Bc8e6
13.d4 Nb8c6
14.Bc1g5 Qe7d7
15.Ra1c1 Nc6xd4
16.Nf3xd4 Bg7xd4
17.Be2b5 Qd7d6
18.Bg5h6 Rf8c8
19.Rc1d1 Bd4g7
20.Bh6xg7 Kxg7
21.Bb5a4 b6
22.Qb3d3 Rc8c4
23.Qd3xc4 Ra8c8
24.Qc4d4 Kg8
25.Rd1c1 Qd6f8
26.b4 Rc8c4
27.Rc1xc4 dxc4
28.Re1xe6 fxe6
29.Qd4xc4 Qf8d6
30.b5 Qd6e5
31.Qc4c8 Kg7
32.Qc8b7 Kh6
33.g3 Qe5e1
34.Kg2 Qe1a5
35.Qb7a6 Qa5xa6
36.bxa6 Kg5
37.h3 h6
38.f4 Kf6
39.Kf3 e5
40.fxe5 Kxe5
41.g4 g5
42.Ke3 Kd5
43.Kd3 Kc5
44.Ke4 b5
45.Ba4b3 Kb6
46.Kf5 Kxa6
47.Kg6 Ka5
48.Kxh6 Kb4
49.Kxg5 a5
50.Kf4 a4
51.Bb3e6 Kc3
52.g5 { resign }
1-0

[Event "Match"]
[Site "www.echecsemail.com"]
[Date "2015.04.08"]
[Round "1"]
[White "Nestor"]
[Black "Xkafi"]
[WhiteElo "2120"]
[BlackElo "1970"]
[Result "1-0"]
[Round "1"]
1.e4 e5
2.Ng1f3 Qd8f6
3.Nb1c3 c6
4.Bf1c4 Bf8c5
5.O-O d6
6.d3 h6
7.Nc3a4 Bc5b4
8.a3 Bb4a5
9.b4 Ba5d8
10.Na4c3 Bd8b6
11.a4 a5
12.b5 g5
13.Bc1a3 Ng8e7
14.Nf3d2 h5
15.Nc3e2 Bc8g4
16.Qd1e1 Ne7g6
17.Ne2g3 Nb8d7
18.c3 Nd7f8
19.d4 Ng6f4
20.bxc6 bxc6
21.Ra1b1 Bb6a7
22.Rb1b7 Rh8h7
23.Qe1b1 h4
24.Rb7xa7 Ra8xa7
25.Qb1b8 Qf6d8
26.Qb8xa7 hxg3
27.fxg3 Nf4e2
28.Bc4xe2 Bg4xe2
29.Rf1b1 Nf8d7
30.Ba3xd6 exd4
31.cxd4 f6
32.e5 fxe5
33.dxe5 Be2g4
34.Rb1b8 Nd7xb8
35.Qa7xh7 { resign }
1-0

[Event "1/64 Finale"]
[Site "www.chess-mail.com"]
[Date "2015.04.08"]
[Round "1"]
[White "T9l9"]
[Black "Chtoubidou"]
[WhiteElo "2209"]
[BlackElo "1880"]
[Result "1-0"]
[Round "1"]
1.d4 d5
2.c4 Nb8c6
3.Ng1f3 dxc4
4.e3 e5
5.Bf1xc4 exd4
6.exd4 Bf8b4
7.Nb1c3 Qd8e7
8.Bc1e3 Ng8f6
9.O-O O-O
10.Be3g5 Rf8d8
11.Nc3d5 Qe7d6
12.Bg5f4 Qd6d7
13.Nd5xc7 Ra8b8
14.Nc7b5 Rb8a8
15.Nf3e5 Nc6xe5
16.dxe5 Qd7xd1
17.Ra1xd1 Rd8xd1
18.Rf1xd1 { resign }
1-0

[Event "Eq:CONFOEDERATIONIS HELVETICAE-Los Tercios : "]
[Site "www.chess-mail.com"]
[Date "2015.04.08"]
[Round "1"]
[White "Churrasca"]
[Black "Leo57"]
[WhiteElo "2220"]
[BlackElo "2770"]
[Result "0-1"]
[Round "1"]
1.e4 c5
2.Ng1f3 Nb8c6
3.d4 cxd4
4.Nf3xd4 e6
5.Nb1c3 Qd8c7
6.Nd4b5 Qc7b8
7.Bc1e3 Ng8f6
8.Bf1e2 Bf8e7
9.O-O a6
10.Nb5d4 O-O
11.f4 d6
12.Qd1e1 Qb8c7
13.Ra1d1 Nc6xd4
14.Be3xd4 b5
15.a3 e5
16.fxe5 dxe5
17.Qe1g3 Be7c5
18.Bd4xc5 Qc7xc5
19.Kh1 Qc5e7
20.Nc3d5 Nf6xd5
21.Rd1xd5 f6
22.Rf1d1 Bc8e6
23.Rd5d6 Rf8d8
24.Rd6xd8 Ra8xd8
25.Rd1xd8 Qe7xd8
26.Qg3d3 Qd8d4
27.Qd3xd4 exd4
28.Kg1 Kf7
29.Kf2 Be6d7
30.c4 Bd7c6
31.cxb5 axb5
32.g3 Ke6
33.Ke1 Ke5
34.Be2d3 h5
35.b3 g5
36.Ke2 Bc6d7
37.Kd2 h4
38.gxh4 gxh4
39.Ke2 Kf4
40.Kf2 Bd7e8
41.Kg2 Ke3
42.Bd3b1 d3
43.Kf1 d2
44.Bb1c2 Be8g6
45.a4 Bg6xe4
46.Bc2d1 h3
47.axb5 f5
48.b6 f4
49.b4 f3
50.Bd1b3 f2
51.Bb3a4 Be4d3

0-1

[Event "Eq:CONFOEDERATIONIS HELVETICAE-Angels of Checkmate : "]
[Site "www.chess-mail.com"]
[Date "2015.04.08"]
[Round "1"]
[White "Pgcbies"]
[Black "Agmac"]
[WhiteElo "2740"]
[BlackElo "2580"]
[Result "1/2-1/2"]
[Round "1"]
1.e4 e5
2.Ng1f3 Nb8c6
3.Bf1c4 Ng8f6
4.O-O Bf8c5
5.c3 Nf6xe4
6.d4 d5
7.Nf3xe5 Nc6xe5
8.Bc4b3 O-O
9.f3 Ne4f6
10.dxc5 Rf8e8
11.Nb1a3 c6
12.Bc1e3 Bc8f5
13.Be3d4 Nf6d7
14.Bb3c2 Bf5xc2
15.Na3xc2 Ne5g6
16.Qd1d2 b6
17.cxb6 axb6
18.Rf1e1 Re8xe1
19.Ra1xe1 c5
20.Bd4f2 Nd7e5
21.Nc2e3 { draw }
1/2-1/2

[Event "Fast Game"]
[Site "www.echecsemail.com"]
[Date "2015.04.08"]
[Round "1"]
[White "Gatoss"]
[Black "Julianlore"]
[WhiteElo "1430"]
[BlackElo "1599"]
[Result "0-1"]
[Round "1"]
1.d4 Ng8f6
2.c4 e6
3.Nb1c3 Bf8b4
4.Qd1c2 O-O
5.a3 Bb4xc3
6.Qc2xc3 b6
7.e3 d5
8.Ng1f3 Bc8b7
9.Bf1e2 Nb8d7
10.O-O c5
11.b4 Nf6e4
12.Qc3b2 dxc4
13.Be2xc4 Ne4d6
14.Bc4e2 c4
15.Qb2c2 Ra8c8
16.Nf3e5 Nd7xe5
17.dxe5 Qd8g5
18.f3 Qg5xe5
19.e4 Qe5xa1
20.Bc1b2 Qa1a2
21.Rf1a1 Qa2b3
22.Qc2b1 Qb3e3
{ resign }
0-1

[Event "Tourn. n8175"]
[Site "www.chess-mail.com"]
[Date "2015.04.09"]
[Round "1"]
[White "Olddog55"]
[Black "Azulmarino"]
[WhiteElo "1690"]
[BlackElo "1570"]
[Result "1-0"]
[Round "1"]
1.d4 d5
2.Ng1f3 b6
3.e3 Bc8g4
4.Bf1e2 Ng8f6
5.Nf3e5 h5
6.O-O Bg4f5
7.Be2b5 Nf6d7
8.Qd1f3 Bf5xc2
9.Qf3xf7 
1-0

[Event "Tourn. n7964"]
[Site "www.chess-mail.com"]
[Date "2015.04.09"]
[Round "1"]
[White "Kozakliuty"]
[Black "A27l"]
[WhiteElo "1500"]
[BlackElo "1180"]
[Result "0-1"]
[Round "1"]
1.a4 e5
2.e4 d6
3.Nb1c3 c6
4.Bf1c4 Ng8f6
5.d3 Bf8e7
6.Ng1e2 h6
7.O-O O-O
8.f4 Bc8e6
9.Bc4xe6 fxe6
10.fxe5 dxe5
11.h3 Nf6h7
12.Bc1e3 Nb8d7
13.Qd1d2 a5
14.Rf1xf8 Be7xf8
15.Ra1f1 Bf8e7
16.Ne2c1 Be7g5
17.Nc1b3 Bg5xe3
18.Qd2xe3 Qd8e7
19.Nb3d2 Ra8f8
20.Qe3e2 Rf8xf1
21.Nd2xf1 b6
22.Nc3d1 Qe7f7
23.Nd1e3 c5
24.Nf1d2 Nh7f6
25.Nd2c4 Nf6h7
26.Ne3g4 Nh7f8
27.Ng4xe5 Nd7xe5
28.Nc4xe5 Qf7f6
29.Ne5c4 Nf8d7
30.Qe2e3 e5
31.Qe3f2 Qf6xf2
32.Kxf2 Kf7
 { time }
0-1

[Event "Tourn. n8059"]
[Site "www.chess-mail.com"]
[Date "2015.04.09"]
[Round "1"]
[White "Genius9"]
[Black "Groz"]
[WhiteElo "1610"]
[BlackElo "1809"]
[Result "0-1"]
[Round "1"]
1.e4 c6
2.d4 d5
3.e5 Bc8f5
4.Bf1d3 Bf5xd3
5.Qd1xd3 Qd8a5
6.Bc1d2 Qa5a6
7.Qd3xa6 Nb8xa6
8.f4 e6
9.Ng1f3 Ng8e7
10.O-O c5
11.c3 Ne7c6
12.Nb1a3 Bf8e7
13.dxc5 Na6xc5
14.Bd2e3 a6
15.Ra1d1 Nc5e4
16.Nf3d4 Nc6xd4
17.Be3xd4 Be7c5
18.Bd4xc5 Ne4xc5
19.Rf1e1 b5
20.f5 Ke7
21.g4 Nc5e4
22.Kg2 h5
23.h3 hxg4
24.hxg4 Rh8h4
25.Kf3 Rh4h3
26.Kg2 Rh3g3
27.Kf1 Rg3xg4
28.fxe6 Kxe6
29.Na3c2 Ra8h8
{ resign }
0-1

[Event "Tourn. n8143"]
[Site "www.chess-mail.com"]
[Date "2015.04.09"]
[Round "1"]
[White "Picifarkinca"]
[Black "Biagio"]
[WhiteElo "1920"]
[BlackElo "1930"]
[Result "0-1"]
[Round "1"]
1.d4 d5
2.c4 e5
3.dxe5 d4
4.a3 Nb8c6
5.Ng1f3 Bc8g4
6.Bc1f4 Ng8e7
7.h3 Bg4xf3
8.exf3 Ne7g6
9.Bf4h2 Nc6xe5
10.f4 Ne5c6
11.Bf1d3 Bf8d6
12.O-O O-O
13.Qd1g4 Qd8f6
14.Bd3xg6 fxg6
15.g3 Nc6a5
16.Nb1d2 Qf6f5
17.b4 Na5c6
18.Qg4xf5 gxf5
19.c5 Bd6e7
20.Nd2c4 Be7f6
21.Ra1d1 Ra8d8
22.Rd1d3 Rf8e8
23.Rf1d1 b6
{ resign }
0-1

[Event "Tourn. n8140"]
[Site "www.chess-mail.com"]
[Date "2015.04.09"]
[Round "1"]
[White "Ruko"]
[Black "Falcoale"]
[WhiteElo "1850"]
[BlackElo "2000"]
[Result "0-1"]
[Round "1"]
1.e4 c5
2.Ng1f3 e6
3.d4 cxd4
4.Nf3xd4 Nb8c6
5.Nb1c3 a6
6.Bc1e3 Ng8f6
7.f3 Bf8e7
8.Qd1d2 O-O
9.O-O-O b5
10.g4 Be7b4
11.a3 Bb4a5
 { time }
0-1

[Event "Tourn. n8067"]
[Site "www.chess-mail.com"]
[Date "2015.04.09"]
[Round "1"]
[White "Colchester"]
[Black "Attatroll"]
[WhiteElo "1830"]
[BlackElo "1990"]
[Result "1-0"]
[Round "1"]
1.Ng1f3 c5
2.c4 Nb8c6
3.d4 cxd4
4.Nf3xd4 Ng8f6
5.Nb1c3 d6
6.e4 g6
7.Bf1e2 Bf8g7
8.Bc1e3 O-O
9.O-O Bc8d7
10.Qd1d2 Nc6xd4
11.Be3xd4 a6
12.Be2f3 Ra8c8
13.b3 b5
14.cxb5 axb5
15.Ra1c1 Bd7g4
16.Bf3xg4 Rc8b8
17.Bd4xf6 Bg7xf6
18.Nc3d5 Bf6g7
19.Bg4f3 Rf8e8
20.Nd5c7 Re8f8
21.Nc7d5 Rf8e8
22.Rf1d1 Rb8c8
23.Rc1xc8 Qd8xc8
24.Rd1c1 Qc8b7
25.Rc1c7 Qb7a8
26.Nd5xe7 Kh8
27.Qd2xd6 Qa8xa2
28.g3 Qa2xb3
29.Kg2 Qb3a4
30.Qd6d7 Re8f8
31.Rc7c8 Qa4b4
32.Rc8xf8 Bg7xf8
33.Ne7d5 Qb4d2
34.Qd7xf7 Qd2h6
35.Nd5f6 b4
36.Qf7g8 
1-0

[Event "Tourn. n7997"]
[Site "www.chess-mail.com"]
[Date "2015.04.09"]
[Round "1"]
[White "Falcoale"]
[Black "Generalfree"]
[WhiteElo "1880"]
[BlackElo "1800"]
[Result "1-0"]
[Round "1"]
1.e4 e5
2.Ng1f3 Nb8c6
3.Nb1c3 Ng8f6
4.d3 h6
5.h3 b6
6.Bc1e3 Bc8b7
7.Qd1d2 a6
8.g4 g5
9.O-O-O a5
10.Bf1g2 d6
11.d4 exd4
12.Nf3xd4 Nc6xd4
13.Be3xd4 c5
14.Bd4xf6 Qd8xf6
15.Rh1e1 Ra8b8
16.Nc3d5 Bb7xd5
17.exd5 Bf8e7
18.Re1e4 O-O
19.Rd1f1 a4
20.Re4xa4 b5
21.Ra4e4 b4
22.Rf1e1 Rb8b7
23.Re4e3 Rf8a8
24.Kb1 Rb7a7
25.c3 Ra7xa2
26.Bg2e4 b3
27.Kc1 Ra2a1
28.Be4b1 c4
29.Re3xe7 Qf6g6
30.Re1e4 Kf8
31.Qd2d4 Qg6h7
32.Qd4f6 h5
33.Qf6xd6 Ra1a6
34.Re7xf7 Kxf7
35.Re4e7 Kf8
36.Re7xh7 Ra6xd6
37.Rh7h8 { resign }
1-0

[Event "Tourn. n8070"]
[Site "www.chess-mail.com"]
[Date "2015.04.09"]
[Round "1"]
[White "Emmanuelasi"]
[Black "Krasin"]
[WhiteElo "2250"]
[BlackElo "2330"]
[Result "1-0"]
[Round "1"]
1.e4 d6
2.d4 Ng8f6
3.Nb1c3 g6
4.h3 Bf8g7
5.Ng1f3 O-O
6.Bc1e3 a6
7.Qd1d2 b5
8.Bf1d3 Bc8b7
9.a3 Nb8d7
10.Be3h6 e5
11.d5 c6
12.dxc6 Bb7xc6
13.O-O Nd7c5
14.Rf1e1 Qd8d7
15.Nf3h4 Nc5e6
16.Ra1d1 a5
17.Bd3f1 b4
18.Nc3d5 Bc6xd5
19.exd5 Bg7xh6
20.Qd2xh6 Ne6f4
21.Bf1c4  { time }
1-0

[Event "Tourn. n8130"]
[Site "www.chess-mail.com"]
[Date "2015.04.09"]
[Round "1"]
[White "Blackpool"]
[Black "Hali"]
[WhiteElo "1980"]
[BlackElo "2180"]
[Result "0-1"]
[Round "1"]
1.Ng1f3 d5
2.d4 Ng8f6
3.c4 e6
4.cxd5 exd5
5.Bc1g5 Bf8b4
6.Nb1d2 Bc8g4
7.Nf3e5 Bg4f5
8.Qd1a4 Nb8c6
9.Ne5xc6 Bb4xd2
10.Bg5xd2 bxc6
11.Qa4xc6 Bf5d7
12.Qc6c2 O-O
13.e3 Nf6e4
14.Bf1d3 f5
15.O-O Rf8f6
16.Ra1c1 c6
17.Bd2c3 Rf6g6
18.Kh1 Qd8g5
19.g3 Qg5g4
20.Bd3e2 Qg4h3
21.Be2f3 Rg6h6
{ resign }
0-1

[Event "Tourn. n8117"]
[Site "www.chess-mail.com"]
[Date "2015.04.09"]
[Round "1"]
[White "Blackpool"]
[Black "Gene4267"]
[WhiteElo "1940"]
[BlackElo "1969"]
[Result "0-1"]
[Round "1"]
1.e4 e6
2.d4 d5
3.exd5 exd5
4.Bf1d3 Bf8d6
5.Ng1e2 Ng8e7
6.Bc1f4 O-O
7.O-O Bc8f5
8.Bd3xf5 Ne7xf5
9.Qd1d3 Qd8f6
10.Bf4xd6 Nf5xd6
11.Nb1d2 c6
12.Ne2g3 Nb8d7
13.Rf1e1 Rf8e8
14.f3 Nd7f8
15.Ra1d1 Nf8e6
16.c3 Re8e7
17.Nd2f1 Ra8e8
18.Re1e5 Ne6f4
19.Qd3d2 Re7xe5
20.dxe5 Qf6xe5
21.Qd2c2 a6
22.Qc2d2 Nd6c4
23.Qd2c2 Qe5g5
24.b3 Re8e2
{ resign }
0-1

[Event "Tourn. n8105"]
[Site "www.chess-mail.com"]
[Date "2015.04.09"]
[Round "1"]
[White "Iko"]
[Black "Servant"]
[WhiteElo "1470"]
[BlackElo "1640"]
[Result "0-1"]
[Round "1"]
1.e4 d6
2.d4 Ng8f6
3.e5 dxe5
4.dxe5 Qd8xd1
5.Kxd1 Nf6g4
6.Bc1e3 Ng4xe3
7.fxe3 Nb8c6
8.Ng1f3 Bc8g4
9.Bf1b5 O-O-O
10.Nb1d2 Nc6xe5
11.h3 Bg4xf3
12.gxf3 Ne5xf3
13.Rh1f1 Nf3xd2
14.Rf1xf7 Nd2b3
15.Bb5d3 Nb3xa1
16.Kc1 e5
17.Kb1 e4
18.Bd3e2 Rd8d2
19.Be2g4 Kb8
20.Kc1 Rd2xc2
21.Kb1 Bf8c5
22.Kxa1 Rc2c1

0-1

[Event "Tourn. n8018"]
[Site "www.chess-mail.com"]
[Date "2015.04.09"]
[Round "1"]
[White "Falcoale"]
[Black "Generalfree"]
[WhiteElo "1870"]
[BlackElo "1890"]
[Result "1-0"]
[Round "1"]
1.e4 e5
2.Ng1f3 f5
3.Nb1c3 d6
4.Bf1c4 Ng8f6
5.d3 h6
6.Qd1e2 f4
7.Bc1d2 Bc8d7
8.O-O-O a6
9.d4 b5
10.Bc4b3 Bd7g4
11.dxe5 dxe5
12.h3 Bg4xf3
13.Qe2xf3 c5
14.Bd2xf4 Qd8e7
15.Bf4h2 c4
16.Nc3d5 Nf6xd5
17.Bb3xc4 bxc4
18.Rd1xd5 Nb8c6
19.Rh1d1 Qe7g5
20.Kb1 Bf8e7
21.Bh2g3 Nc6d4
22.Rd1xd4 exd4
23.Rd5xg5 Be7xg5
24.e5 Ra8d8
25.Qf3c6 Ke7
26.f4 Rh8f8
27.Qc6e4 d3
28.cxd3 Rd8xd3
29.Qe4b7 Rd3d7
30.Qb7xa6 Bg5xf4
31.Bg3h4 Bf4g5
32.Bh4xg5 hxg5
33.Qa6xc4 Rf8d8
34.Qc4c5 Ke8
35.e6 Rd7d1
36.Kc2 Rd8d2
37.Kb3 Rd2xg2
38.Qc5c6 { resign }
1-0

[Event "Tourn. n8065"]
[Site "www.chess-mail.com"]
[Date "2015.04.09"]
[Round "1"]
[White "Grimsby"]
[Black "Azulmarino"]
[WhiteElo "1700"]
[BlackElo "1540"]
[Result "1/2-1/2"]
[Round "1"]
1.e4 e5
2.Nb1c3 Bf8c5
3.Ng1f3 Qd8f6
4.Nc3d5 Qf6d6
5.Bf1e2 Ng8f6
6.Nd5xf6 Qd6xf6
7.O-O d6
8.d3 Bc8e6
9.Nf3g5 h6
10.Ng5xe6 Qf6xe6
11.c3 O-O
12.Be2f3 Nb8d7
13.d4 exd4
14.cxd4 Bc5b6
15.Rf1e1 Nd7f6
16.a4 Rf8e8
17.Bc1f4 Ra8d8
18.d5 Qe6d7
19.b4 c5
20.a5 Bb6c7
21.bxc5 dxc5
22.Bf4xc7 Qd7xc7
23.Qd1c2 g5
24.h3 a6
25.Re1c1 h5
26.Qc2xc5 Qc7xc5
27.Rc1xc5 g4
28.hxg4 hxg4
29.e5 gxf3
30.exf6 Re8e5
31.gxf3 Re5f5
32.Ra1b1 { draw }
1/2-1/2

[Event "Tourn. n8139"]
[Site "www.chess-mail.com"]
[Date "2015.04.09"]
[Round "1"]
[White "Chessfan"]
[Black "Gorgo"]
[WhiteElo "2300"]
[BlackElo "2360"]
[Result "1/2-1/2"]
[Round "1"]
1.d4 Ng8f6
2.c4 e6
3.Nb1c3 Bf8b4
4.e3 O-O
5.Bf1d3 d5
6.cxd5 exd5
7.Ng1e2 Bb4d6
8.O-O b6
9.Nc3b5 Bd6e7
10.Ne2f4 Bc8a6
11.Nb5c3 Be7d6
12.Nc3xd5 Nf6xd5
13.Bd3xa6 Nb8xa6
14.Nf4xd5 Bd6xh2
15.Kxh2 Qd8xd5
16.Qd1a4 Qd5b7
17.b4 c6
18.Bc1d2 Ra8d8
19.Ra1c1 Rd8d6
20.b5 Na6b8
21.bxc6 Nb8xc6
22.Kg1 Qb7d7
23.f3 Rd6g6
24.Qa4b5 Rf8d8
25.Rc1c2 Qd7h3
26.Bd2c3 Qh3h6
27.Qb5d3 Qh6h5
28.Qd3e4 Rg6e6
29.Qe4f4 f5
30.Rf1d1 { draw }
1/2-1/2

[Event "Match"]
[Site "www.echecsemail.com"]
[Date "2015.04.09"]
[Round "1"]
[White "Caniplaywill"]
[Black "Swampcat"]
[WhiteElo "1499"]
[BlackElo "1230"]
[Result "0-1"]
[Round "1"]
1.e4 e6
2.a3 d5
3.exd5 Qd8xd5
4.Nb1c3 Qd5d6
5.Nc3b5 Qd6e5
6.Qd1e2 Qe5xe2
7.Ng1xe2 Bf8d6
 { time }
0-1

[Event "Match"]
[Site "www.echecsemail.com"]
[Date "2015.04.09"]
[Round "1"]
[White "Pare123"]
[Black "Ztornad"]
[WhiteElo "1960"]
[BlackElo "1740"]
[Result "1-0"]
[Round "1"]
1.c4 c5
2.Nb1c3 e5
3.e4 Nb8c6
4.Ng1f3 Bf8d6
5.d3 Nc6d4
6.Nf3xd4 exd4
7.Nc3d5 h6
8.Bf1e2 Ng8f6
9.O-O Nf6xd5
10.exd5 O-O
11.Bc1d2 Qd8c7
12.g3 Bd6e5
13.f4 Be5f6
14.Be2f3 d6
15.Rf1e1 Qc7b6
16.b3 Bc8d7
17.Bf3g2 Bd7f5
18.Bg2e4 Bf5h3
19.f5 g5
20.Qd1h5 Bh3xf5
21.Be4xf5 Kg7
22.Re1e4 Rf8h8
23.Ra1e1 Bf6e5
24.Re4xe5 dxe5
25.Re1xe5 Qb6f6
26.Qh5e2 b6
27.Bf5h3 Qf6d8
28.Qe2h5 Qd8f6
29.Re5f5 Qf6g6
30.Qh5f3 f6
31.g4 Rh8f8
32.Bh3g2 Ra8e8
33.Qf3g3 Re8e5
34.Rf5xe5 fxe5
35.Qg3xe5 Qg6f6
36.Qe5xf6 Rf8xf6
37.Bg2e4 Kf7
38.Be4f5 Ke7
39.Bd2e1 Rf6f8
40.h4 a5
41.Be1g3 Kd8
42.d6 Rf8e8
43.Kf2 Re8e3
44.hxg5 hxg5
45.Bf5e4 Kd7
46.Be4f5 Kd8
47.d7 Re3e7
48.Bg3d6 Re7e3
49.Bd6f8 Re3h3
50.Bf8g7 Rh3e3
51.Bg7f6 Re3e7
52.Bf6xg5 b5
53.cxb5 a4
54.Kf3 axb3
55.axb3 Kc7
56.Bg5xe7 Kb6
57.d8Q Ka7
58.Be7xc5 Kb7
59.Qd8b6 Ka8
60.Qb6a7  { time }
1-0

[Event "Match"]
[Site "www.echecsemail.com"]
[Date "2015.04.09"]
[Round "1"]
[White "Umzi"]
[Black "Neo"]
[WhiteElo "2080"]
[BlackElo "1710"]
[Result "1-0"]
[Round "1"]
1.e4 e5
2.Ng1f3 d6
3.d4 Bc8g4
4.dxe5 dxe5
5.Qd1xd8 Kxd8
6.Nf3xe5 Bg4e6
7.Bf1c4 Be6xc4
8.Ne5xc4 Bf8d6
9.O-O Ng8e7
10.Rf1d1 Ke8
11.Nc4xd6 cxd6
12.Rd1xd6 Nb8c6
13.a3 Ra8d8
14.Rd6xd8 Kxd8
15.Bc1e3 b6
16.Nb1c3 Ne7g6
17.Ra1d1 Kc7
18.f3 Rh8e8
19.Kf2 Re8e6
20.Nc3b5 Kc8
21.Rd1d6 Re6xd6
22.Nb5xd6 Kd7
23.Nd6b5 Ng6e5
24.b3 f6
25.Nb5d4 Nc6xd4
26.Be3xd4 Ke6
27.Bd4xe5 Kxe5
28.Ke3 g5
29.g3 h5
30.f4 gxf4
31.gxf4 Ke6
32.Kd4 f5
33.e5 h4
34.b4 a6
35.c4 h3
36.c5 bxc5
37.bxc5 Kd7
38.Kd5 a5
39.c6 Kc7
40.e6 a4
41.e7 { resign }
1-0

[Event "Match"]
[Site "www.echecsemail.com"]
[Date "2015.04.09"]
[Round "1"]
[White "Generalfree"]
[Black "Luzhin"]
[WhiteElo "1930"]
[BlackElo "2240"]
[Result "0-1"]
[Round "1"]
1.e4 e5
2.Ng1f3 Ng8f6
3.Bf1c4 Nf6xe4
4.Nf3xe5 d5
5.Ne5xf7 Qd8e7
6.O-O Qe7xf7
7.Qd1e2 dxc4
8.Qe2xe4 Bf8e7
9.d4 cxd3
10.cxd3 O-O
11.Nb1c3 Nb8c6
12.Nc3d5 Be7d6
13.a3 Bc8f5
14.Qe4f3 Nc6d4
{ resign }
0-1

[Event "Match"]
[Site "www.echecsemail.com"]
[Date "2015.04.09"]
[Round "1"]
[White "F14"]
[Black "Llord"]
[WhiteElo "1870"]
[BlackElo "1780"]
[Result "1/2-1/2"]
[Round "1"]
1.d4 Nb8c6
2.Ng1f3 d6
3.c4 Bc8g4
4.e3 Ng8f6
5.Bf1e2 Qd8d7
6.O-O O-O-O
7.Nb1c3 g6
8.Qd1c2 Nc6b4
9.Qc2d1 Bg4f5
10.Nf3h4 Nb4c2
11.Nh4xf5 Nc2xa1
12.Nf5g3 c5
13.Bc1d2 cxd4
14.exd4 Na1b3
15.Qd1xb3 Kb8
16.Bd2f4 Bf8g7
17.c5 Ka8
18.Be2b5 Qd7g4
19.Bf4e3 dxc5
20.dxc5 a6
21.Bb5e2 Qg4c8
22.Be2f3 Nf6d7
23.Qb3a3 Bg7xc3
24.Qa3xc3 f6
25.b4 Nd7e5
26.Bf3e2 Ne5c6
27.b5 axb5
28.Be2xb5 Nc6a7
29.Qc3a3 Kb8
30.Bb5e2 Qc8c6
31.Qa3b4 Qc6c7
32.Be2f3 Na7c6
33.Qb4b2 Rd8d7
34.h3 Nc6e5
35.c6 Ne5xf3
36.gxf3 Qc7xc6
37.Rf1c1 Qc6xf3
38.Qb2b6 Rd7d1
39.Rc1xd1 Qf3xd1
40.Kh2 Rh8d8
41.Qb6a7 Kc8
42.Qa7a8 Kd7
43.Qa8xb7 Ke8
44.Be3c5 Qd1d7
45.Qb7b3 Qd7d5
46.Qb3b5 Kf7
47.Qb5b4 Qd5xa2
48.Qb4b7 Rd8e8
{ draw }
1/2-1/2

[Event "Match"]
[Site "www.echecsemail.com"]
[Date "2015.04.09"]
[Round "1"]
[White "Bluetealeaf"]
[Black "Generalfree"]
[WhiteElo "1670"]
[BlackElo "1830"]
[Result "0-1"]
[Round "1"]
1.e4 e5
2.Ng1f3 f5
3.Qd1e2 Ng8f6
4.exf5 d6
5.d4 e4
6.Nb1c3 Bc8xf5
7.Nf3h4 Bf5d7
8.Bc1g5 d5
9.O-O-O c6
10.f3 Bf8e7
11.fxe4 Bd7g4
12.Nh4f3 Nb8d7
13.h3 Bg4h5
14.g4 Bh5f7
15.e5 Nf6g8
16.h4 Bf7e6
17.Bf1h3 h6
18.Bg5f4 b5
19.h5 a5
20.Qe2d3 b4
21.Nc3a4 Qd8c8
22.b3 c5
23.Qd3g6 Kf8
24.Qg6xe6 Ra8a6
25.Qe6f5 Ke8
26.Na4xc5 Ra6c6
27.e6 Nd7xc5
28.dxc5 Rc6xc5
29.Qf5f7 Kd8
30.Rd1d2 Ng8f6
31.Rh1e1 Rc5c3
32.Re1e5 Qc8c5
33.Qf7xg7 Rh8g8
34.Qg7xh6 Kc8
35.g5 Nf6e4
36.Rd2xd5 Rc3xc2
37.Kb1 Qc5c3
{ resign }
0-1